| 000 | | | 03652nmc2a22002413x 450 |
| 001 | | | b2b03070-aa26-4135-b154-6f52ec7c8bcd |
| 005 | | | 20250804091648.0 |
| 100 | ## | $a | 20250619l1935 k y0rusy50 ca |
| 101 | 0# | $a | rus |
| 102 | ## | $a | RU |
| 200 | 1# | $a | Дела Секретариата Президиума ЦИК Союза ССР за 1935 год |
| | $j | 1935 |
| 215 | ## | $a | 1089 ед. хр. |
| 251 | ## | $c | Опись |
| 330 | ## | $a | Опись содержит документы Секретариата Президиума ЦИК СССР за 1935 г.: распоряжения по Секретариату Президиума ЦИК СССР, протоколы и стенограммы Комиссий ЦИК СССР, дела с материалами к постановлениям Президиума ЦИК СССР и др. |
| 461 | #0 | $1 | 001RuPRLIB520124725 |
| | $1 | 2001 |
| | $a | ЦЕНТРАЛЬНЫЙ ИСПОЛНИТЕЛЬНЫЙ КОМИТЕТ СССР (ЦИК СССР). |
| | $v | Оп. 28 |
| | $1 | 251 |
| | $c | Фонд |
| | $1 | 852 |
| | $g | Р |
| | $j | 3316 |
| 601 | 02 | $3 | RU\NLR\AUTH\880398220 |
| | $a | СССР |
| | $b | Центральный исполнительный комитет |
| | $b | Президиум |
| 605 | ## | $3 | DITM\AF\0000002775 |
| | $a | Власть |
| | $b | коллекция |
| | $b | acquisition_prlib |
| 610 | 1# | $a | ЦИК |
| | $a | Президиум |
| | $a | Секретариат |
| 686 | ## | $a | 63.3(2)61-332я26 |
| | $c | История |
| | $2 | rubbk |
| 686 | ## | $a | 67.400.6я26 |
| | $c | Право |
| | $2 | rubbk |
| 801 | #0 | $a | RU |
| | $b | GA_RF |
| 801 | #1 | $a | RU |
| | $b | ГлавНИВЦ |
| | $c | 20250619 |
| | $2 | rusmarc |
| 801 | #2 | $a | RU |
| | $b | ПБ им. Б.Н. Ельцина |
| | $c | 20250804 |
| | $g | RCR |
| | $2 | rusmarc |
| 852 | ## | $a | ГА РФ |
| | $j | 28 |
| 937 | ## | $d | 197724320 |
| | $h | ГАРФ |
| 035 | ## | $a | RuPRLIB520125317 |
| 856 | ## | $u | http://readingroom.main.prlib.ru/item.aspx?id_node=n197724320&mode=full |